000 00767nam a2200241 a 4500
001 000035801
005 20200930074625.0
008 111114s1971 mx 000 0 spa d
040 _aDO-SdBNP
_bspa
_cBNPHU
082 _axxxx
_bP218e
100 1 _aPappenheim, Fritz
_961752
245 1 3 _aLa enajenación del hombre moderno /
_cFritz Pappenheim ; traducción Werner May.
250 _a3a ed.
260 _aMéxico :
_bEdiciones Era,
_c1971.
300 _a151 p. ;
_c21 cm.
490 1 _aEl hombre y su tiempo.
500 _aIncluye índice
504 _aBibliografía: p. 130 -151
590 _aPerteneció a la biblioteca personal de Juan Isidro Jimenes Grullón
700 1 2 _aMay, Werner
_961753
830 0 _aEl hombre y su tiempo.
_95236
049 _aBNPD
999 _c35292
_d35292